000 00401nam a22001697a 4500
005 20180904144420.0
008 160614b xxu||||| |||| 00| 0 eng d
020 _a81-203-1137-X
041 _aeng
082 _b7516
_a658.4013
100 _aLogothetis, N
_91909
245 _aManaging for total quality
260 _bPHI
_c2004
_adelhi
300 _a438p,
650 _aManagement
_9241
942 _cBK
999 _c2687
_d2686